00725nam a22001937a 4500003000400000005001700004008004100021020001900062040002900081050002200110100006300132245005800195260003000253300001100283650003600294942001500330952016900345999001700514OSt20250718162046.0250718b |||||||| |||| 00| 0 eng d a9780136058281  cchuka university library aHF5415 .V582 2011 aVitale Robert, Giglierano Joseph Pfoertsch waldemar919808 abusess-to-business marketing.: analysis and practice. aUSA bPrentice Hallc2011 a512 p. a1. industrial marketing.919809 2lcccBKn0 00102lcc40708LGLaCHKbCHKcGENd2025-07-01eDonation from Books for Africag1936.00l0oHF 5415 .V582 2011p27141/2025r2025-07-18 16:22:09t1w2025-07-18yBK c19545d19545